Analýza bezpečnosti informačných systémov - súčasný stav v podmienkach agrorezortu na Slovensku

Zhodnotenie súčasného stavu bezpečnosti informačných systémov so zameraním na agrorezort, pomenovanie potencionálnych informačno-bezpečnostných hrozieb a rizík vo vybraných podnikoch a náčrt možných návrhov riešení v tejto oblasti, s dôrazom na zaistenie čo najvyššieho stupňa ochrany dát i systému...

Full description

Saved in:
Bibliographic Details
Main Author: Kučera, Milan
Other Authors: Repovský, Anton, Fiľa, Milan
Format: Book Chapter
Language:Slovak
Subjects:
Tags: Add Tag
No Tags, Be the first to tag this record!

MARC

LEADER 00000naa$a2200000$$$4500
001 0111348
005 20240411120931.9
041 0 |a slo 
044 |a SK 
245 1 0 |a Analýza bezpečnosti informačných systémov - súčasný stav v podmienkach agrorezortu na Slovensku  |c Milan Kučera, Anton Repovský, Milan Fiľa 
520 |a Zhodnotenie súčasného stavu bezpečnosti informačných systémov so zameraním na agrorezort, pomenovanie potencionálnych informačno-bezpečnostných hrozieb a rizík vo vybraných podnikoch a náčrt možných návrhov riešení v tejto oblasti, s dôrazom na zaistenie čo najvyššieho stupňa ochrany dát i systému ako celku. 
610 2 0 |a systémy informačné podnikové 
610 2 0 |a bezpečnosť 
610 2 0 |a riziko 
610 2 0 |a ochrana dát 
610 2 0 |a poľnohospodárstvo 
100 1 |a Kučera, Milan 
700 1 |a Repovský, Anton 
700 1 |a Fiľa, Milan